000 03873nam0a22006011 4500
001 v19\rc\2104905
005 20260619112858.0
035 _a(NLR Aleph) 005177889
090 _a5113664
_c5113664
100 _a20090914d1803 m||y0rusy50 ca
101 0 _arus
102 _aRU
105 _ay z |||||
135 _acrcn 024anaba
140 _ay y zz yaa0000
200 1 _aОпыт историческаго изследования и описания старинных судебных мест российскаго государства, и о качестве лиц и дел в оных.
_fСочинил и издал Императорской Российской академии член, коллежский ассессор Тимофей Мальгин
210 _aВ Санктпетербурге
_cпри Императорской Академии наук
_gиждивением трудившагося
_d1803
215 _a[8], VI, 115, [1] с.
_d
300 _aЦенз.: СПб. гражд. губернатор
300 _aВместо колонцифры VI ошибочно указана колонцифра VII
300 _aПосвящение автора Александру I на с. [3-6]
316 _aЭкз. РНБ (138/783) в цельнокож. корич. пер. Корешок гладкий, с золотым тиснением и красной кож. наклейкой с загл.: "Опыт истори изслед". Крышки пер. украшены рамками золотого тиснения. На нижней крышке пер. экслибрис рус. фонда ГПБ с шифром. Обрез тонир. желтый. На форзаце наклейка с шифром РНБ. На обороте тит. л. и с.33 круглый штамп ГПБ. Размер: 20,3х13,0х1,7 см
_5NLR: 138/783
321 1 _aСК 1801-1825 4769
325 _aКопия доступна в Электрон. б-ке РНБ
518 1 _aОпыт исторического исследования и описания старинных судебных мест Российского государства, и о качестве лиц и дел в оных
620 _dСанкт-Петербург
700 1 _aМальгин
_bТ. С.
_f1752-1819
_gТимофей Семенович
_3RU\NLR\AUTH\7788112
_4650
_7ca
702 0 _aАлександр
_cимператор российский
_dI
_f1777-1825
_3RU\NLR\AUTH\775342
_4280
_7ca
712 0 2 _aАкадемическая типография
_cСанкт-Петербург
_3RU\NLR\AUTH\8815379
_4610
801 0 _aRU
_bNLR
_gpsbo
801 1 _aRU
_bProSoft-M
_2rusmarc
801 2 _aRU
_bNLR
_c20160118
_2rusmarc
852 _aNLR
_j18.28.5.36
852 _aNLR
_j138/783
852 _aNLR
_bРЗФ
_j18 в. 3/346
852 _aNLR
_bРЗФ
_j18 в. 3/346а
852 _aNLR
_bРЗФ
_j18 в. 3/346 Б
852 _aNLR
_bРЗФ
_j18 в. 3/369 (ал.2)
852 _aNLR
_bРЗФ
_j18 в. 3/1357 (ал.5)
856 0 _uhttps://vivaldi.nlr.ru/bx000024428/view
856 1 _uhttps://vivaldi.nlr.ru/bx000024428/cover
856 2 _uhttps://vivaldi.nlr.ru/bx000024428/text
942 _cBOOK
980 3 _akpcivil2020
980 3 _akp2020
980 3 _akp
980 _aNB
981 2 2 _a(22) Материалы по истории России
_b(22) Вспомогательные исторические дисциплины
981 2 0 _a(20) Книжные памятники РНБ
_b(20) Русский книжный фонд